00319nam a2200109Ia 4500008004100000020001800041050001900059100002000078245006900098260002000167300002200187120626s9999 xx 000 0 und d a1-56496-760-3 aQA77 I844 2003 aITZKOVITCH, Avi aDesing it yourself web sites / Avi Itzkovitch; Till Adam coaut. aChina: ROCKPORT a160 p.: il.ÌÌ